000 00928cam a2200301 a 4500
001 000006647
003 DO-SdBNP
005 20250529140217.0
008 810921s1979 mx b 001 0 spa
020 _a968230430X (set)
020 _a9682303796 (v. 1)
040 _aDO-SdBNP
_bspa
_cBNPHU
082 _a940.1
_bR763r, 1979
100 1 _aRomero, José Luis,
_d1909-
_918467
245 1 3 _aLa revolución burguesa en el mundo feudal /
_cJosé Luis Romero.
250 _a2a ed.
260 _aMéxico, D. F. :
_bSiglo Veintiuno,
_c1979.
300 _a1 v. ;
_c21 cm.
490 1 _aHistoria
504 _aIncluye referencias bibliográficas e índice.
650 0 _aHistoria social
_y500-1500
_978961
650 0 _aClase media
_zEuropea
_92589
650 0 _aFeudalismo
_918470
651 4 _aEuropa
_xHistoria
_y476-1492.
_918471
830 0 _aHistoria
_92122
910 _aCatalogación por copia / LC
942 _2ddc
_cLBS1
999 _c6437
_d6437